| 000 | 00568nam a2200205 a 4500 | ||
|---|---|---|---|
| 005 | 20140310183231.0 | ||
| 008 | 040326s19uu xx 00 eng d | ||
| 020 | _a0471449105 | ||
| 050 |
_aRC 454 _b.D3 2004 |
||
| 100 | _aDavison, Gerald C. | ||
| 245 |
_aAbnormal psychology / _cGerald C. Davison. |
||
| 250 | _a9th ed. | ||
| 260 |
_aNew Jersey : _bJohn Wiley & Sons, Inc, _c2004. |
||
| 300 |
_axviii, 648 p. : _bill. ; _c29cm. |
||
| 500 | _aIncludes Index | ||
| 521 | _aPSYCH | ||
| 650 | _aPsychology, pathological | ||
| 942 |
_cBK _2lcc _kFOR |
||
| 999 |
_c20496 _d20496 |
||